000 01012nam a22002297a 4500
003 OSt
005 20260218140532.0
008 260218b |||||||| |||| 00| 0 eng d
040 _c0
082 _aDPer 796.07 J826 January-October 2023 v. 42 n. 1-4
100 _aYan, Jin.
_eauthor.
_949869
245 _aA Systematic Review INvestigating the Effects of Implementing Game-Based Approaches in School-Based Physical Education Among Primary School Children /
_cJin Yan, Brad Jones, Jordan J. Smith, Philip Morgan, and Narelle Eather.
260 _aChampaign, IL ;
_bHuman Kinetics, Inc. ,
_cJuly 2023.
300 _aVolume 42, pages 573-586 :
_billustration ;
_c29 cm.
500 _aJournal of Teaching in Physical Education, vol. 42 no. 3, pages 573-586, July 2023.
700 _aYan, Jin.
_eauthor.
_949869
700 _aJones, Brad
_eauthor.
_969801
700 _aSmith, Jordan J.
_eauthor.
_969802
700 _aMorgan, Philip
_eauthor.
_969803
700 _aEather, Narelle.
_eauthor.
_969687
942 _2ddc
_cPER
999 _c24348
_d24348